Little League World Series Champions - Statistics

General Stats
  • This quiz has been taken 79 times
  • The average score is 10 of 19
Answer Stats
Championships Answer % Correct
9 Japan
96%
7 California
74%
3 Mexico
74%
2 New York
70%
3 South Korea
70%
2 Texas
70%
4 Pennsylvania
60%
17 Taiwan
57%
3 Georgia
54%
2 Hawaii
54%
2 Venezuela
49%
4 New Jersey
47%
1 Washington
46%
1 Michigan
44%
4 Connecticut
36%
1 Alabama
34%
1 Kentucky
34%
1 Curacao
27%
1 New Mexico
26%
No matching quizzes found
Score Distribution
Percent of People with Each Score
Percentile by Number Answered
Your Score History
You have not taken this quiz